LEADER 01110cam0 22002891 450 001 SOBE00027017 005 20120723103002.0 100 $a20120723d1987 |||||ita|0103 ba 101 $aita 102 $aIT 200 1 $a<>sistema formativo$fSergio Zoppi 210 $aNapoli$cFormez$d1987 215 $a33 p.$d24 cm 225 2 $aArchivio dei corsi di formazione$v26 300 $aRelazione generale sul tema Quale cultura e quale formazione manageriale per lo sviluppo del Mezzogiorno. Convegno ASFOR-FORMEZ, Bari, 23-24 gennaio 1987 410 1$1001SOBE00027018$12001 $a*Archivio dei corsi di formazione$v26 700 1$aZoppi$b, Sergio$3AF00017643$4070$0433548 712 02$a*Formez$3AF00024886$4070 801 0$aIT$bUNISOB$c20120723$gRICA 850 $aUNISOB 852 $aUNISOB$jFondo|Casavola|Opusc$m155724 912 $aSOBE00027017 940 $aM 102 Monografia moderna SBN 941 $aM 957 $aFondo|Casavola|Opusc$b002385$gSI$d155724$hCasavola$rdono$tN$1menle$2UNISOB$3UNISOB$420120723103657.0$520120723103813.0$6menle 996 $aSistema formativo$9915349 997 $aUNISOB